Central Library OPAC University of Rajshahi

Cost accounts / (Record no. 75446)

MARC details
000 -LEADER
fixed length control field 00698nam a22002412a 4500
001 - CONTROL NUMBER
control field 75446
003 - CONTROL NUMBER IDENTIFIER
rucl marc code BD-RjUL
005 - DATE AND TIME OF LATEST TRANSACTION
control field 20211209082706.0
008 - FIXED-LENGTH DATA ELEMENTS--GENERAL INFORMATION
fixed length control field 190409s1950 enk 000 0 eng d
035 ## - SYSTEM CONTROL NUMBER
System control number OCLC ocm17809930 from D950228M
System control number (BD-RjUL)75664
040 ## - CATALOGING SOURCE
Original cataloging agency EEM
Transcribing agency EEM
Modifying agency UKM
-- EQO
-- BD-RjUL
Language of cataloging eng
041 ## - LANGUAGE CODE
Language code of text/sound track or separate title eng
082 ## - DEWEY DECIMAL CLASSIFICATION NUMBER
Edition number 23
Classification number 657.42
Author mark and year BIC 1950
100 1# - MAIN ENTRY--PERSONAL NAME
Personal name Bigg, Walter W.
Fuller form of name (Walter William),
Dates associated with a name 1903-
9 (RLIN) 230319
245 10 - TITLE STATEMENT
Title Cost accounts /
Statement of responsibility, etc. Walter W. Bigg
250 ## - EDITION STATEMENT
Edition statement 6th ed., rev. and enl
260 ## - PUBLICATION, DISTRIBUTION, ETC. (IMPRINT)
Place of publication, distribution, etc. London :
Name of publisher, distributor, etc. Macdonald & Evans,
Date of publication, distribution, etc. 1950 [reprinted 1956]
300 ## - PHYSICAL DESCRIPTION
Pagination 332 p.
Size 23 cm
650 #0 - SUBJECT ADDED ENTRY--TOPICAL TERM
Topical term or geographic name as entry element Cost accounting
9 (RLIN) 230320
942 ## - ADDED ENTRY ELEMENTS (KOHA)
Source of classification or shelving scheme Dewey Decimal Classification
Koha item type Books
Holdings
Lost status Source of classification or shelving scheme Damaged status Not for loan Collection code Permanent Location Current Location Shelving location Date acquired Source of acquisition Total Checkouts Full call number Date last seen Copy number Koha item type Cost, normal purchase price
  Dewey Decimal Classification   Not For Loan Non-fiction Central Library, University of Rajshahi Central Library, University of Rajshahi Reading Room 09/12/2021 B.N.B.C   657.42 BIC 1950 09/04/2019 C-1 Books  
  Dewey Decimal Classification     Non-fiction Central Library, University of Rajshahi Central Library, University of Rajshahi   03/10/1951 United Pub.   657.42 BIC 1950 10/04/2019 C-2 Books 13.00